000 00656nam a22001937a 4500
003 BD-DhUL
005 20180313100547.0
008 180313s2001 ph ab||| |||| 001 0 eng
020 _a9280720171
040 _aBD-DhUL
_cBD-DhUL
082 _222
_a363.7
_bUNB
110 _aUnited Nations Environment Programme
245 _aBangladesh :
_bstate of the environment 2001 /
_cUnited Nations Environment Programme.
260 _aPathumthani :
_bUnited Nations Environment Programme,
_c2001.
300 _axv, 138 p. :
_b ill. (chiefly col.), col. maps ;
_c30 cm
504 _aIncludes bibliographical references
650 0 _aEnvironment.
942 _2ddc
_cBK
999 _c239156
_d239156